| 000 | 01042cam a2200193 4500 | ||
|---|---|---|---|
| 001 | WB3524-35 | ||
| 008 | 000000n1999 000 0 eng u | ||
| 035 | _a(Sirsi) u101984 | ||
| 245 | _aSurvey of English housing. | ||
| 260 | _c1999 | ||
| 490 |
_aOffice for National Statistics News Release _v(219) 23 June 1999 (3) |
||
| 520 | _aThe Office for National Statistics fifth annual Survey of English Housing for 1997-98 has been published. Nearly 7/10 households are owner occupied, just over 2/10 rented from the council or a Registered Social Landlord, and 1/10 rented privately. This pattern varied according to ethnic group. Around 12% of households had moved in the previous year; 3/5 moves were local. More than 9/10 householders thought the people in their area were friendly, 2/3 thought crime was a problem in the area, and the majority thought services in their area were good. | ||
| 650 | _aENGLAND | ||
| 650 | _aRENTED ACCOMMODATION | ||
| 650 | _aOWNER-OCCUPIERS | ||
| 650 | _aSTATISTICS | ||
| 690 | _aHOUSING | ||
| 942 | _n0 | ||
| 999 |
_c61078 _d61078 |
||